Anthropologie (Record no. 156541)

MARC details
000 -LEADER
campo de control de longitud fija 00981nam a22002415i 4500
001 - NÚMERO DE CONTROL
campo de control 156541
003 - IDENTIFICADOR DE NÚMERO DE CONTROL
campo de control ES-MaACL
005 - FECHA Y HORA DE LA ÚLTIMA TRANSACCIÓN
campo de control 20250727024452.0
008 - DATOS DE LONGITUD FIJA--INFORMACIÓN GENERAL
campo de control de longitud fija 001107s1863 fr |||| | fre d
040 ## - FUENTE DE CATALOGACIÓN
Centro catalogador/agencia de origen CCPB | B
Lengua de catalogación spa
Centro/agencia transcriptor CCPB | B
100 1# - ENTRADA PRINCIPAL--NOMBRE DE PERSONA
Nombre de persona Kant, Immanuel,
Fechas asociadas al nombre 1724-1804
9 (RLIN) 222608
245 10 - MENCIÓN DEL TÍTULO
Título Anthropologie
Resto del título : suivie des divers fragments du même auteur relatifs aux rapports du physique et du moral et aux commerces des esprits d'un monde a l'autre /
Mención de responsabilidad, etc. Emm. Kant ; ouvrage traduit de l'allemand par J. Tissot.
260 ## - PUBLICACIÓN, DISTRIBUCIÓN, ETC.
Lugar de publicación, distribución, etc. Paris :
Nombre del editor, distribuidor, etc. Librairie Philosophique de Landrange,
Fecha de publicación, distribución, etc. 1863 (
Lugar de fabricación/manufactura Dijon :
Fabricante imprimerie J.-E. Rabutot)
300 ## - DESCRIPCIÓN FÍSICA
Extensión XI, 483 p. ;
Dimensiones 22 cm.
650 #7 - PUNTO DE ACCESO ADICIONAL DE MATERIA--TÉRMINO DE MATERIA
Término de materia o nombre geográfico como elemento de entrada Antropología física
Fuente del encabezamiento o término embne
9 (RLIN) 9893
700 11 - ENTRADA AGREGADA--NOMBRE PERSONAL
Nombre de persona Tissot, J.,
Término indicativo de función/relación
9 (RLIN) 133274
752 ## - ENTRADA AGREGADA--NOMBRE JERÁRQUICO DEL LUGAR
País o entidad superior Francia -
Ciudad París
752 ## - ENTRADA AGREGADA--NOMBRE JERÁRQUICO DEL LUGAR
País o entidad superior Francia -
Ciudad Dijon
852 ## - LOCALIZACIÓN
Ubicación ES-MaACL
Número de control de estantería D-5021
Nota libre -- Enc. tela
852 ## - LOCALIZACIÓN
Ubicación ES-MaACL
Número de control de estantería F-7153
Nota libre -- Enc. hol.
Holdings
Estatus retirado Estado de pérdida Estado de daño No para préstamo Colección Biblioteca de origen Biblioteca actual Ubicación en estantería Fecha de adquisición Fuente de adquisición Total de préstamos Signatura topográfica completa Código de barras Visto por última vez Precio de reemplazo Tipo de ítem Koha
        Libros del s. XIX Biblioteca del Ateneo de Madrid Biblioteca del Ateneo de Madrid Depósito 2 17/01/2008     F-7153 1163778 23/02/2023 23/02/2023 Libro impreso antiguo
        Libros del s. XIX Biblioteca del Ateneo de Madrid Biblioteca del Ateneo de Madrid Sala Valle Inclán 17/01/2008     D-5021 901163777 23/02/2023 23/02/2023 Libro impreso antiguo